the hardy boys mystery stories 57 (Record no. 8547)

MARC details
000 -LEADER
fixed length control field 00968nam a22001937a 4500
003 - CONTROL NUMBER IDENTIFIER
control field OSt
005 - DATE AND TIME OF LATEST TRANSACTION
control field 20260302010458.0
008 - FIXED-LENGTH DATA ELEMENTS--GENERAL INFORMATION
fixed length control field 260226b |||||||| |||| 00| 0 eng d
040 ## - CATALOGING SOURCE
Original cataloging agency DWCL GS
Transcribing agency OC
082 ## - DEWEY DECIMAL CLASSIFICATION NUMBER
Classification number Fic. D621f 2008
100 ## - MAIN ENTRY--PERSONAL NAME
Personal name Dixon, Franklin W.
245 ## - TITLE STATEMENT
Title the hardy boys mystery stories 57
Remainder of title : the firebird rocket
Statement of responsibility, etc. Franklin W. Dixon
260 ## - PUBLICATION, DISTRIBUTION, ETC.
Place of publication, distribution, etc. New York
Name of publisher, distributor, etc. Grosset & Dunlap
Date of publication, distribution, etc. c1978
300 ## - PHYSICAL DESCRIPTION
Extent 180
Other physical details illustration
Dimensions 19cm
520 ## - SUMMARY, ETC.
Summary, etc. The Firebird Rocket (#57 in the Hardy Boys series) follows Frank and Joe Hardy as they travel to Australia to locate a kidnapped rocket scientist,Dr. Balthazar, whose disappearance threatens the launch of a new, top-secret Firebird Rocket. The brothers face mortal danger, including being captured by villains, before rescuing the scientist and stopping the saboteurs.
546 ## - LANGUAGE NOTE
Language note English
700 ## - ADDED ENTRY--PERSONAL NAME
Personal name Franklin W. Dixon
942 ## - ADDED ENTRY ELEMENTS (KOHA)
Source of classification or shelving scheme Dewey Decimal Classification
Koha item type Fiction
Classification part Fic. D621f 2008
Suppress in OPAC No
952 ## - LOCATION AND ITEM INFORMATION (KOHA)
--
Holdings
Withdrawn status Lost status Source of classification or shelving scheme Damaged status Not for loan Home library Current library Shelving location Date acquired Source of acquisition Total Checkouts Full call number Barcode Date last seen Price effective from Koha item type Uniform Resource Identifier
    Dewey Decimal Classification     Grade School Library Grade School Library Fiction 02/26/2026 School Fund, Donation   Fic. D621f 2008 20242 02/26/2026 02/26/2026 FIC.